Countries where Jennifer Lopez has been on tours - Statistics

General Stats
  • This quiz has been taken 4 times
  • The average score is 27 of 44
Answer Stats
Tours Countries % Correct
Dance Again Argentina
100%
Dance Again Brazil
100%
Dance Again; It's My Party Canada
100%
Dance Again; Jennifer Lopez: All I Have; It's My Party United States
100%
Dance Again Venezuela
100%
Dance Again Australia
75%
Dance Again Chile
75%
Dance Again China
75%
Dance Again Denmark
75%
Dance Again France
75%
Dance Again Germany
75%
Dance Again Ireland
75%
It's My Party Israel
75%
Dance Again;Up All Night Italy
75%
Dance Again Portugal
75%
Dance Again; It's My Party Russia
75%
Dance Again; It's My Party; Up All Night Spain
75%
Dance Again;It's My Party; Up All Night Turkey
75%
Dance Again United Kingdom
75%
Up All Night Armenia
50%
Dance Again Azerbaijan
50%
Dance Again Belarus
50%
Dance Again Belgium
50%
Dance Again Bulgaria
50%
Dance Again Czech Republic
50%
Dance Again Finland
50%
Up All Night Hungary
50%
Dance Again Indonesia
50%
Up All Night Kazakhstan
50%
Dance Again Malaysia
50%
Dance Again Panama
50%
Dance Again Philippines
50%
Dance Again; Up All Night Poland
50%
Up All Night Romania
50%
Dance Again Serbia
50%
Dance Again Singapore
50%
Dance Again Sweden
50%
Dance Again Switzerland
50%
Dance Again Ukraine
50%
Dance Again; Up All Night United Arab Emirates
50%
Up All Night Uzbekistan
50%
It's My Party; Up All Night Egypt
25%
Dance Again Hong Kong
25%
Dance Again Puerto Rico
25%
No matching quizzes found
Score Distribution
Percent of People with Each Score
Percentile by Number Answered
Your Score History
You have not taken this quiz